Catálogo
 En Linea

Premio Internacional de Cuento 2002 / (Registro nro. 14850)

Detalles MARC
000 -CABECERA
campo de control de longitud fija 01364nam a2200241 a 4500
001 - NÚMERO DE CONTROL
campo de control 000015284
005 - FECHA Y HORA DE LA ÚLTIMA TRANSACCIÓN
campo de control 20240412074243.0
008 - DATOS DE LONGITUD FIJA--INFORMACIÓN GENERAL
campo de control de longitud fija 100204s2002 dr 000 0 spa d
020 ## - NÚMERO INTERNACIONAL ESTÁNDAR DEL LIBRO
ISBN cancelado o inválido 333333333
040 ## - FUENTE DE LA CATALOGACIÓN
Centro catalogador/agencia de origen DO-SdBNP
Lengua de catalogación spa
Centro/agencia transcriptor BNPHU
082 ## - NÚMERO DE LA CLASIFICACIÓN DECIMAL DEWEY
Número de clasificación RD863.5
Número de documento/Ítem C334p
049 ## - FONDOS LOCALES (OCLC)
Fondos de biblioteca BNPD
110 2# - ENTRADA PRINCIPAL--NOMBRE DE ENTIDAD CORPORATIVA
Nombre de entidad corporativa o nombre de jurisdicción como elemento de entrada Casa de teatro (República Dominicana)
9 (RLIN) 26649
245 10 - MENCIÓN DE TÍTULO
Título Premio Internacional de Cuento 2002 /
Mención de responsabilidad, etc. edición Vivian Lechuga.
260 ## - PUBLICACIÓN, DISTRIBUCIÓN, ETC.
Lugar de publicación, distribución, etc. Santo Domingo :
Nombre del editor, distribuidor, etc. Casa de teatro,
Fecha de publicación, distribución, etc. 2002.
300 ## - DESCRIPCIÓN FÍSICA
Extensión 125 p. ;
Dimensiones 20 cm.
505 2# - NOTA DE CONTENIDO CON FORMATO
Nota de contenido con formato Primer premio. A. M. / José M. Fernández Pequeño (Cuba) -- Segundo premio. Sobrevolando la bruma / Zelmar Acevedo Díaz (Argentina) -- Tercer premio. Caracas / Oliverio Coelho (Argentina) --Mención. El dorso de los días / Ariadna Vásquez Germán (República Dominicana) --Mención. Telón/ Marta Ortiz (Argentina) --Mención. El enemigo / Ángel González Quesada (España) --Mensión. La isla / Luis Martín Gómez (República Dominicana) -- Mención. Tu cuerpo como la noche / Enrique Plata Ramírez (Venezuela) -- Mención. La mujer en el balcón / María Fasce (Argentina).
650 #0 - PUNTO DE ACCESO ADICIONAL DE MATERIA--TÉRMINO DE MATERIA
Término de materia o nombre geográfico como elemento de entrada Literatura dominicana.
9 (RLIN) 67
650 #4 - PUNTO DE ACCESO ADICIONAL DE MATERIA--TÉRMINO DE MATERIA
Término de materia o nombre geográfico como elemento de entrada Premios literarios
Subdivisión geográfica República Dominicana
9 (RLIN) 34564
650 #4 - PUNTO DE ACCESO ADICIONAL DE MATERIA--TÉRMINO DE MATERIA
Término de materia o nombre geográfico como elemento de entrada Cuentos dominicanos
Subdivisión general Colección
9 (RLIN) 34565
700 1# - PUNTO DE ACCESO ADICIONAL--NOMBRE DE PERSONA
Nombre de persona Lechuga, Vivian,
Término indicativo de función/relación ed.
9 (RLIN) 10977
910 ## - DATOS DE OPCIÓN DEL USUARIO (OCLC)
Datos de opción del usuario Validado. Control de calidad BNPHU
Existencias
Estado de retiro Estado de pérdida Restricciones de uso No para préstamo Código de colección Localización permanente Ubicación/localización actual Ubicación en estantería Fecha de adquisición Número de inventario Total de préstamos Signatura topográfica completa Código de barras Fecha visto por última vez Número de copia Precio válido a partir de Tipo de ítem Koha
        Dominicana de Servicio General General Depósito 04.02.2010 LF1   RD863.5 C334p 15284-30 25.06.2020 e. 3 25.06.2020 Libro y Folleto Colección Dominicana de Servicio
        Dominicana de Servicio General General Depósito 04.02.2010 LF1   RD863.5 C334p 15284-40 25.06.2020 e. 4 25.06.2020 Libro y Folleto Colección Dominicana de Servicio
        Dominicana de Servicio General General Depósito 04.02.2010 LF1   RD863.5 C334p 15284-50 25.06.2020 e. 5 25.06.2020 Libro y Folleto Colección Dominicana de Servicio
      Excluido de préstamo Patrimonio Dominicano Patrimonio Dominicano Patrimonio Dominicano Depósito 04.02.2010 LF1   RD863.5 C334p 15284-10 25.06.2020   25.06.2020 Libro y Folleto Colección Patrimonio Dominicano
      Excluido de préstamo Patrimonio Dominicano Patrimonio Dominicano Patrimonio Dominicano Depósito 04.02.2010 LF1   RD863.5 C334p 15284-20 25.06.2020 e. 2 25.06.2020 Libro y Folleto Colección Patrimonio Dominicano

Con tecnología Koha